000 00540nam a22001577a 4500
003 macl
005 20200214124653.0
008 200214b xxu||||| |||| 00| 0 eng d
040 _cmacl
082 _a800
100 _aरणसुभे,डॉ .सूर्यनारायण
_978194
245 _aदलित चेतना दिशा और द्रष्टि
260 _aदिल्‍ली
_bनीरज बुक सेंटर
_c2018
650 _aदलित साहित्‍य
_949167
942 _2ddc
_cHIN
999 _c62067
_d62067